| 000 | 01071cam a2200325 i 4500 | ||
|---|---|---|---|
| 001 | 200463148 | ||
| 003 | TR-AnTOB | ||
| 005 | 20241211163545.0 | ||
| 007 | ta | ||
| 008 | 180618s2018 tu $r15601 $$$$ 156156tur u | ||
| 040 |
_aTR-AnTOB _beng _erda _cTR-AnTOB |
||
| 041 | 0 | _atur | |
| 044 | _ctu | ||
| 050 | 1 | 4 |
_aDR592.I5 _bK6333 2018 |
| 090 |
_aDR592.I5 _bK6333 2018 |
||
| 100 | 1 |
_aKocabaş, Süleyman, _d1950- _eauthor _943379 |
|
| 245 | 1 | 0 |
_aMilli şef : _bfaşizan bir yönetimin anatomisi 1939-1950 / _cSüleyman Kocabaş. |
| 264 | 1 |
_aİstanbul : _bDerin Tarih Kültür, _c2018. |
|
| 300 |
_a71 pages ; _c18 cm |
||
| 336 |
_ametin _btxt _2rdacontent |
||
| 337 |
_aaracısız _bn _2rdamedia |
||
| 338 |
_acilt _bnc _2rdacarrier |
||
| 490 | 0 |
_aDerin Tarih Kültür Yayınları ; _v57 |
|
| 500 | _aDerin Tarih dergisinin 75. sayısının hediyesidir. | ||
| 600 | 1 | 0 |
_aİnönü, İsmet, _d1884-1973 _911403 |
| 650 | 7 |
_aDevlet adamları _zTürkiye _2etuturkob _914958 |
|
| 651 | 7 |
_aTürkiye _xSiyaset ve yönetim _9120128 |
|
| 942 |
_2lcc _cBK |
||
| 999 |
_c200463148 _d81360 |
||